000 00558nam a2200181Ia 4500
008 090124s9999 xx 000 0 und d
082 _b26043
100 _aनाईक गुरुनाथ
245 _a आकाशाचा डोऴा
250 _a1
260 _bदिलीप प्रकाशन
_c1987
300 _a166
600 _aनाईक गुरुनाथ
630 _a आकाशाचा डोऴा
700 _aनाईक गुरुनाथ
730 _a आकाशाचा डोऴा
942 _cBOOK
999 _c93732
_d93732